Khawateen ki sehat = خواتین کی صحت : (Record no. 109449)
[ view plain ]
| 000 -LEADER | |
|---|---|
| fixed length control field | 00565nam a22001457a 4500 |
| 005 - DATE AND TIME OF LATEST TRANSACTION | |
| control field | 20181207102212.0 |
| 008 - FIXED-LENGTH DATA ELEMENTS--GENERAL INFORMATION | |
| fixed length control field | 181207b ||||| |||| 00| 0 eng d |
| 040 ## - CATALOGING SOURCE | |
| Transcribing agency | PK-LaUMT |
| 082 ## - DEWEY DECIMAL CLASSIFICATION NUMBER | |
| Classification number | 610.082 |
| Item number | SAM-K |
| 100 ## - MAIN ENTRY--PERSONAL NAME | |
| Personal name | Samreen Farid = ثمرین فرید |
| 245 ## - TITLE STATEMENT | |
| Title | Khawateen ki sehat = خواتین کی صحت : |
| Remainder of title | خواتین کی جسمانی، نفسیاتی صحت اور تندرستی قائم رکھنے کے کے رہنما اصول / |
| Statement of responsibility, etc | Samreen Farid = ثمرین فرید |
| 260 ## - PUBLICATION, DISTRIBUTION, ETC. (IMPRINT) | |
| Place of publication, distribution, etc | Lahore : |
| Name of publisher, distributor, etc | Darushoor, |
| Date of publication, distribution, etc | 2018 |
| 300 ## - PHYSICAL DESCRIPTION | |
| Extent | 431 p. |
| 942 ## - ADDED ENTRY ELEMENTS (KOHA) | |
| Koha item type | Books |
| Withdrawn status | Lost status | Damaged status | Home library | Current library | Date acquired | Full call number | Barcode | Date last seen | Price effective from | Koha item type | Copy number |
|---|---|---|---|---|---|---|---|---|---|---|---|
| UMT Main Campus | UMT Main Campus | 2018-12-07 | 610.082 SAM-K | 124797 | 2025-02-10 | 2018-12-07 | Books | ||||
| UMT Main Campus | UMT Main Campus | 2019-12-05 | 610.082 SAM-K | 131235 | 2025-03-08 | 2019-12-05 | Books | C.2 |
